01343nam a2200325Ia 450000500170000000800410001702000190005810000390007724500800011625000390019630000300023549000160026550501080028160000890038965000360047865000410051465000340055565000360058965000440062570000290066970000240069870000420072274000930076426400260085733600270088333700330091033800280094304000350097108400110100620220317001223.0160825s2007 ck g 000 0 spa  a978958047130121 aStevenson, Robert Louisd1850-189413aLa isla del tesorocR. L. Stevenson ; traducido por Martha Elena Correa O. a2a. edición b2a. reimpresión  a272, 39 páginasc19 cm  aCara y cruz aMi primer libro: La isla del tesoro / Robert Louis Stevenson -- Mi isla del tesoro / Iván Hernández14aStevenson, Robert Louisd1850-1894tLa isla del tesoroxCrítica e interpretación142LEMBaNovela inglesaySiglo XIX142LEMB aLiteratura inglesaySiglo XIX142LEMB aHistorias de aventuras142LEMB aPiratas en la literatura142LEMB aTesoros ocultos en la literatura1 aCorrea O., Martha Elena 1 aHernández, Iván1 aStevenson, Robert Louis, d1850-1894  aMi isla del tesoro aR. L. Stevenson : vida y obra aMi primer libro: La isla del tesoro aBogotábNormac2007 atextobtxt2rdacontent asin mediaciónbn2rdamedia avolumenbnc2rdacarrier aCO-BoRNBPbspaerdacCO-BoRNBP aN STE2